Library Logo

Pioneer International University Library Catalogue

What comes next and how to like it : (Record no. 10012)

MARC details
000 -LEADER
fixed length control field 00809nam a22002657a 4500
003 - CONTROL NUMBER IDENTIFIER
control field OSt
005 - DATE AND TIME OF LATEST TRANSACTION
control field 20260401085333.0
008 - FIXED-LENGTH DATA ELEMENTS--GENERAL INFORMATION
fixed length control field 260401b |||||||| |||| 00| 0 eng d
020 ## - INTERNATIONAL STANDARD BOOK NUMBER
International Standard Book Number 978146785059
020 ## - INTERNATIONAL STANDARD BOOK NUMBER
International Standard Book Number 9781476785073 (ebook)
040 ## - CATALOGING SOURCE
Transcribing agency Scribner
041 ## - LANGUAGE CODE
Language code of text/sound track or separate title english
050 ## - LIBRARY OF CONGRESS CALL NUMBER
Classification number PS 3570 .H53 2015
Item number .H53 2015
100 ## - MAIN ENTRY--PERSONAL NAME
Personal name Thomas, Abigail,
245 ## - TITLE STATEMENT
Title What comes next and how to like it :
Remainder of title a memoir /
Statement of responsibility, etc. Abigail Thomas.
250 ## - EDITION STATEMENT
Edition statement 1st edition
260 ## - PUBLICATION, DISTRIBUTION, ETC.
Place of publication, distribution, etc. New York :
Name of publisher, distributor, etc. Scribner,
Date of publication, distribution, etc. 2015.
300 ## - PHYSICAL DESCRIPTION
Extent 224 pages,
Other physical details hardcover;
Dimensions 21.2 cm.
500 ## - GENERAL NOTE
General note A memoir reflecting on aging, loss, and acceptance.
600 ## - SUBJECT ADDED ENTRY--PERSONAL NAME
Personal name Thomas, Abigail,
650 ## - SUBJECT ADDED ENTRY--TOPICAL TERM
Topical term or geographic name entry element Older women
General subdivision Biography.
650 ## - SUBJECT ADDED ENTRY--TOPICAL TERM
Topical term or geographic name entry element Aging
General subdivision Psychological aspects.
650 ## - SUBJECT ADDED ENTRY--TOPICAL TERM
Topical term or geographic name entry element Loss (Psychology)
942 ## - ADDED ENTRY ELEMENTS (KOHA)
Source of classification or shelving scheme Library of Congress Classification
Koha item type Books
Edition 1st ed.
Suppress in OPAC No
Holdings
Withdrawn status Lost status Source of classification or shelving scheme Damaged status Not for loan Home library Current library Date acquired Total checkouts Full call number Barcode Date last seen Price effective from Koha item type
    Library of Congress Classification     PIU Library Main Library 04/01/2026   PS 3570 .H53 2015 PIUDLMUR972 04/01/2026 04/01/2026 Books